000 00758naa a2200217 i 4500
001 38820
003 ES-MaBCM
005 20241016104143.0
008 960206s1995 esp 000 0 spa d
021 _axx
035 _a(OCoLC)1293720329
040 _cES-MaBCM
041 0 _aspa
043 _aesp
100 1 _aGarcía Pons, Francisco Javier
_917880
245 1 0 _aNormas y procedimientos de adquisición de bienes y servicios en los bancos multilaterales de desarrollo
_cFrancisco Javier García Pons
650 2 7 _aBanco de desarrollo
_957701
650 2 7 _aContratación administrativa
_958095
773 0 _aEn:
_tInformación comercial española. Boletín económico
_dMadrid : 1995
_w104444
_gn. 2.465, jul., p. 75-88. - Loc. S.200
942 _cAREV
999 _c38820
_d38820